Jachtárske centrum

Uložené v:
Podrobná bibliografia
Hlavný autor: Šimičák, Benedikt, 1987- (Autor)
Ďalší autori: Jakeš, Erik, 1962- (Vedúci práce)
Médium: Rukopis Kniha
Jazyk:Slovak
Vydavateľské údaje: Bratislava : STU v Bratislave SvF, 2013
Predmet:
On-line prístup:VAIS
Tagy: Pridať tag
Žiadne tagy, Buďte prvý, kto otaguje tento záznam!

MARC

LEADER 00000ntm a22000003a 4500
001 stu271458
005 20150617230233.6
008 130719s2013----xo------------------slo-d
040 |a STU  |b slo 
041 0 |a slo 
044 |a xo 
100 1 |a Šimičák, Benedikt,  |d 1987-  |4 aut  |u V  |T SvF Stavebná fakulta  |X 51034  |U V  |Y 10  |7 A000051034 
242 0 0 |a Sailing center   |y eng 
245 1 |a Jachtárske centrum 
260 |a Bratislava :  |b STU v Bratislave SvF,  |c 2013 
650 7 |a Architectural Constructions and Design  |2 estusub 
650 7 |a pontón  |2 stusub 
700 1 |a Jakeš, Erik,  |d 1962-  |4 ths  |u V180  |U SvF Stavebná fakulta  |T SvF Katedra konštrukcií pozemných stavieb  |X 2701  |U V180  |Y 18  |7 A000002701 
856 4 |a info a plný text  |u http://is.stuba.sk/zp/portal_zp.pl?podrobnosti=93739  |3 VAIS